| 000 | 00553nam a2200193Ia 4500 | ||
|---|---|---|---|
| 005 | 20250508160852.0 | ||
| 008 | 008 250505s9999 xx 000 0 eng d | ||
| 020 | _a0-8422-7160-0 | ||
| 037 | _aTextual | ||
| 040 |
_aFEDL _beng _cFEDL |
||
| 041 |
_aeng _2eng |
||
| 084 |
_a371.426, TEN _qFEDL |
||
| 100 |
_aTennyson W Wesley _9769607 |
||
| 245 | 0 | _aVocational development and guidance | |
| 260 |
_aNew York, USA _bMSS Information Corporation _c1974 |
||
| 300 | _a229p. | ||
| 942 |
_cTEXL _h371.426, TEN |
||
| 999 |
_c1367087 _d1367087 |
||